[Event "Madurai op 1st"]
[Site "Madurai"]
[Date "2017.08.12"]
[Round "2"]
[White "Murali, R."]
[Black "Prasannaa, S."]
[Result "0-1"]
[WhiteElo "1555"]
[BlackElo "2175"]
[PlyCount "72"]
[EventDate "2017.08.12"]
[EventType "swiss"]
[EventRounds "8"]
[EventCountry "IND"]
[SourceTitle "CBM 180 Extra"]
[Source "ChessBase"]
[SourceDate "2017.10.06"]
[SourceVersion "1"]
[SourceVersionDate "2017.10.06"]
[SourceQuality "1"]

1. c4 e5 2. Nc3 Nc6 3. g3 Bb4 4. Bg2 Bxc3 5. bxc3 f5 6. d3 Nf6 7. Bg5 0-0 8. Bd5+ Kh8 9. e4 Ne7 10. exf5 Nexd5 11. cxd5 c6 12. d6 h6 13. h4 Qa5 14. Qb3 Qc5 15. Ne2 Qxd6 16. 0-0-0 Ng4 17. Be3 Rxf5 18. d4 Nxf2 19. Bxf2 Rxf2 20. dxe5 Qxe5 21. Nf4 Qe3+ 22. Kb1 d5 23. Ng6+ Kh7 24. h5 Bf5+ 25. Ka1 Re8 26. Rc1 Qb6 27. Rhe1 Qxb3 28. axb3 Rxe1 29. Rxe1 Bxg6 30. hxg6+ Kxg6 31. Re7 Rf7 32. Re3 Kg5 33. Kb2 Kg4 34. Kc2 g5 35. Kd2 Rf2+ 36. Ke1 Rf3 0-1